000 00786cam a2200265 4500
001 ABS61514
008 000000n1999 000 0 eng u
035 _a(Sirsi) u102243
245 _aOccupier '99: Leeds
260 _c1999
490 _aEstates Gazette
_v(9945) 13 November 1999, 87-105(10)
590 _aABS
650 _aPROPERTY-COMMERCIAL PROPERTY-OFFICE PROPERTY-OFFICE PROPERTY MARKET
650 _aLEEDS
650 _aOCCUPIERS
650 _aINDUSTRIAL MARKET
650 _aDISTRIBUTION MARKET
650 _aLEISURE MARKET
650 _aPROPERTY-COMMERCIAL PROPERTY-RETAIL PROPERTY-RETAIL PROPERTY MARKET
650 _aPUBLIC HOUSES
650 _aHEALTH CLUBS
650 _aCINEMAS
690 _aPROPERTY-COMMERCIAL PROPERTY-RETAIL PROPERTY
942 _n0
999 _c61279
_d61279